Unfair funding plans for Crossrail (Record no. 118033)

MARC details
000 -LEADER
fixed length control field 01240cam a2200229 4500
001 - CONTROL NUMBER
control field WB4036-16
008 - FIXED-LENGTH DATA ELEMENTS--GENERAL INFORMATION
fixed length control field 040922n2004 000 0 eng u
035 ## - SYSTEM CONTROL NUMBER
System control number (Sirsi) u127490
245 ## - TITLE STATEMENT
Title Unfair funding plans for Crossrail
260 ## - PUBLICATION, DISTRIBUTION, ETC.
Date of publication, distribution, etc. 2004
490 ## - SERIES STATEMENT
Series statement Social Market Foundation Press Release
Volume/sequential designation 9 September 2004 (2)
520 ## - SUMMARY, ETC.
Summary, etc. The funding of London's Crossrail project is in doubt after property industry leader dismissed one of Transport for London's proposed methods for meeting the costs as arbitrary and unfair. In "The role of property in financing infrastructure" by the Social Market Foundation, members of the British Property Federation from Tesco, Canary Wharf, FPD Savills and British Land argue that it would be impossible to implement a tax on the profits made on nearby property when railways were built. For the full report go to: http://www.smf.co.uk/site/smf/publications/roleofp roperty. http://www.smf.co.uk/site/smf/Members/bllewelyn/fo lder-news/roleofproperty
590 ## - LOCAL NOTE (RLIN)
Local note WB
590 ## - LOCAL NOTE (RLIN)
Local note WB
650 ## - SUBJECT ADDED ENTRY--TOPICAL TERM
Topical term or geographic name entry element PUBLIC TRANSPORT
650 ## - SUBJECT ADDED ENTRY--TOPICAL TERM
Topical term or geographic name entry element CROSSRAIL
650 ## - SUBJECT ADDED ENTRY--TOPICAL TERM
Topical term or geographic name entry element Infrastructure
9 (RLIN) 6246
650 ## - SUBJECT ADDED ENTRY--TOPICAL TERM
Topical term or geographic name entry element FUNDING
650 ## - SUBJECT ADDED ENTRY--TOPICAL TERM
Topical term or geographic name entry element TRANSPORT PROJECTS
690 ## - LOCAL SUBJECT ADDED ENTRY--TOPICAL TERM (OCLC, RLIN)
Topical term or geographic name as entry element TRANSPORT AND COMMUNICATIONS
942 ## - ADDED ENTRY ELEMENTS (KOHA)
Suppress in OPAC 0
Holdings
Withdrawn status Lost status Source of classification or shelving scheme Damaged status Not for loan Home library Current library Shelving location Date acquired Total Checkouts Full call number Barcode Date last seen Copy number Price effective from Koha item type
    Other/Generic Classification Scheme     London London RICS Boxes 24/09/2004   WB4036-16 127490-1001 06/08/2019 1 06/08/2019 Book